000 00587nam a2200205Ia 4500
003 GCL
008 140319s9999 xx 000 0 ara d
040 _aGCL /
_cGCL
082 0 4 _a418
_bف ع
100 1 _aرفائيل نخلة اليسوعى
245 1 0 _aغرائب اللغة العربية /
_cرفائيل نخلة اليسوعى
260 _a[S.N] :
_bدار المشرق ،
_c1986
300 _a328 ص
490 _a
650 0 4 _aالالفاظ
650 0 4 _aالاشتقاق
650 0 4 _aاللغة العربية
650 0 4 _aالمصطلحات
942 _2ddc
_cBK
999 _c35081
_d35081